000 00756nas a2200241 4500
001 BR0700076
003 BR-BrBNA
005 20231205110448.0
007 ta
008 230509b bl.|||p| |||| 00| 00por d
040 _aBR-BrBNA
_bpor
_cBiblioteca Nacional de Agricultura
041 _a(Pt)
072 _aF50
100 1 _aVilhalva, D.A.A.
100 1 _aAppezzato-da-Gloria, B.
245 1 _aMorfoanatomia da raiz tuberosa de Vernonia oxylepis Sch. Bip. in Mart. ex Baker, Asteraceae
650 _aASTERACEAE
650 _aVERNONIA
650 _aANATOMIA VEGETAL
773 0 _tActa Botanica Brasilica (Brazil)
_xISSN 0102-3306
_g(Jul-Sep 2006), v. 20(3) p. 591-598
_wBR0700076
909 _a202311
_bLúcia
_c55
_dLúcia Elande
942 _2AGRIS
_n0
_cANA
999 _c187493
_d187493